• AIU
  • Tony Wilmot Memorial Library

A man talks with God, (Record no. 53170)

MARC details
000 -LEADER
fixed length control field 00644nam a22002291 4500
001 - CONTROL NUMBER
control field 283751
003 - CONTROL NUMBER IDENTIFIER
control field OSt
005 - DATE AND TIME OF LATEST TRANSACTION
control field 20140516020004.0
008 - FIXED-LENGTH DATA ELEMENTS--GENERAL INFORMATION
fixed length control field 731207s1967 txu 000 0 eng
010 ## - LIBRARY OF CONGRESS CONTROL NUMBER
LC control number 67030888
040 ## - CATALOGING SOURCE
Original cataloging agency DLC
Transcribing agency DLC
Modifying agency DLC
050 00 - LIBRARY OF CONGRESS CALL NUMBER
Classification number BV260
Item number .P33
082 00 - DEWEY DECIMAL CLASSIFICATION NUMBER
Classification number 242.8/07
100 1# - MAIN ENTRY--PERSONAL NAME
Personal name Parrott, Bob W.
9 (RLIN) 11730
245 12 - TITLE STATEMENT
Title A man talks with God,
Statement of responsibility, etc by Bob W. Parrott.
250 ## - EDITION STATEMENT
Edition statement [1st ed.]
260 ## - PUBLICATION, DISTRIBUTION, ETC. (IMPRINT)
Place of publication, distribution, etc Dallas,
Name of publisher, distributor, etc Printed by Southern Methodist University Print. Dept.
Date of publication, distribution, etc [1967]
300 ## - PHYSICAL DESCRIPTION
Extent xi, 66 p.
Dimensions 20 cm.
650 #0 - SUBJECT ADDED ENTRY--TOPICAL TERM
Topical term or geographic name as entry element Prayers.
9 (RLIN) 11731
906 ## - LOCAL DATA ELEMENT F, LDF (RLIN)
a 7
b cbc
c orignew
d u
e ocip
f 19
g y-gencatlg
942 ## - ADDED ENTRY ELEMENTS (KOHA)
Source of classification or shelving scheme Library of Congress Classification
Koha item type Books
Koha issues (borrowed), all copies 3
Holdings
Withdrawn status Lost status Source of classification or shelving scheme Damaged status Not for loan Collection code Home library Current library Shelving location Date acquired Total Checkouts Full call number Barcode Date last seen Date checked out Price effective from Koha item type
    Library of Congress Classification     General Circulation AIU/NEGST - Tony Wilmot Memorial Library AIU/NEGST - Tony Wilmot Memorial Library General Stacks 02/01/2012 4 BV 260 .P33 1967 R15575K3232 09/26/2019 04/09/2019 02/01/2012 Books